000 00940nam a22003257a 4500
001 BR6002604
003 BR-BrBNA
005 20230928083132.0
007 ta
008 230509b bl.||||| |||| 00| 0 por d
040 _aBR-BrBNA
_bpor
_cBiblioteca Nacional de Agricultura
041 _a(Por)
072 _aK00; K10; K20
_b/G514
090 _ K00 BR6002604
100 1 _aTigre, C.B.
110 1 _aDepartamento Nacional de Obras Contra as Secas, Fortaleza, CE (Brasil)
245 1 _aPesquisa e experimentacao florestal para a zona seca [Brasil]
260 3 _aFortaleza, CE (Brasil):
_c1972.
300 _a149 p.
500 _a23 illus.; 8 ref.
650 _aFLORESTA
650 _aPESQUISA FLORESTAL
650 _aESTACAO EXPERIMENTAL
650 _aUMIDADE DO SOLO
650 _aREFLORESTAMENTO
650 _aCONSERVACAO
650 _aDESENVOLVIMENTO FLORESTAL
909 _a202309
_bLucia
_c55
_dLucia Elande
942 _cBK
999 _c11756
_d11756